1837 1019 1817 1751 2000 1152 1600 1835 1917 1964 1987 1602 1947 1137 1615 1202 1948 1011 1573 1256 1852 1305 1654 1492 1120 1258 1658 1726 1096 1814 1710 1163 1238 1421 1937 1383 1087 1240 1830 1311 1187 1057 1430 1450 1646 1238 1279 1013 1576 1328 1112 1300 1401 1941 1273 1180 1822 1306 1020 1779 1019 1023 1418 1817 1471 1506 1857 1783 1346 1487 1977 1080 1906 1049 1143 1594 1845 1461 1653 1255 1423 1708 1567 1537 1215 1533 1692 1989 1000 1525 1867 1306 1736 1973 1045 1513 1990 1748 1712 BCNSPRNW ULIB Ver.6.0+V

เปลี่ยนเป็นภาษาไทย

Change to English
 แสดงรายละเอียดบรรณานุกรม
  กลับหน้าหลัก

Brief Record : Get Marc (ISO 2709) : E-mail record : QR code < ปิดหน้าต่าง
LEADER : 00000nam 2200000uu 4500
001    13399125824
003     ULIB
008    020711s2017 th a 000 0 eng d
020    ^a9781496349620
060    ^aWQ200^bB-D
100    ^aBriggs, Gerald G.
245    ^aDrugs in Pregnancy and Lactation/^cBriggs, Gerald G.
250    ^a11st ed
260    ^aPhiladelphia :^bWolters Kluwer,^c2017
300    ^a1646 pages;^b30 cm
650    ^aPregnancy-Drugs^xLactation
945    ^p3425^l0^i003205
999    ^aประนอม เกษจรัล
รายการนี้ยังไม่มีแท็ก
คุณยังไม่ได้ล็อกอิน คุณสามารถมีกิจกรรมร่วมกับเว็บไซต์ได้ แต่ต้องล็อกอินก่อน ::
  ล็อกอิน

รายการสื่อสารสนเทศ

ลำดับที่ ประเภท เลขเรียก/บาร์โค้ด สถานที่ สถานะ
1. หนังสือสำรอง
หนังสือสำรอง
WQ200 B-D ฉ.1 
  Barcode: 003205
ห้องสมุดวิทยาเขตสวรรค์ประชารักษ์
►หนังสือทั่วไป
บนชั้น

รายการใกล้เคียง
    ผู้แต่ง [Briggs, Gerald G.]

BibComment


ยังไม่เคยถูกคอมเมนท์

คอมเมนท์ทรัพยากรรายการนี้
  คอมเมนท์: Drugs in Pregnan..


 Copyright 2026. Bcnsprnw @Library